Οι δρόμοι του νερού : οι υδρόμυλοι ως πολιτιστικά μνημεία στη Λέσβο
Αποθηκεύτηκε σε:
| Κύριος συγγραφέας: | |
|---|---|
| Μορφή: | Βιβλίο |
| Γλώσσα: | Greek |
| Δημοσίευση: |
Λέσβος :
Μουσείο Φυσικής Ιστορίας Απολιθωμένου Δάσους Λέσβου,
1999.
|
| Θέματα: | |
| Ετικέτες: |
Προσθήκη ετικέτας
Δεν υπάρχουν, Καταχωρήστε ετικέτα πρώτοι!
|
MARC
| LEADER | 00000cam a2200000 i 4500 | ||
|---|---|---|---|
| 001 | 1/17976 | ||
| 008 | 010307s1999 gre d | ||
| 020 | |a 960-86259-2-0 | ||
| 035 | |l 10066328 | ||
| 040 | |a GR-MY-UA |b gre |e aacr | ||
| 041 | 0 | |a gre | |
| 082 | 0 | |a 621.24094958 | |
| 100 | 1 | |a Αξιώτης, Μάκης, |d 1950- | |
| 245 | 1 | 3 | |a Οι δρόμοι του νερού : |b οι υδρόμυλοι ως πολιτιστικά μνημεία στη Λέσβο / |c Μάκης Αξιώτης. |
| 260 | |a Λέσβος : |b Μουσείο Φυσικής Ιστορίας Απολιθωμένου Δάσους Λέσβου, |c 1999. | ||
| 300 | |a 15 σ. : |b εικ. | ||
| 500 | |a Έκδοση στα πλαίσια του συνεδρίου "Προστατευόμενες Φυσικές Περιοχές & Περιβαλλοντική εκπαίδευση". | ||
| 650 | 0 | 0 | |a Water mills |x History |z Greece |z Lesbos (Municipality) |
| 650 | 0 | 0 | |a Water mills |z Greece |z Lesbos (Municipality) |v Photographs. |
| 852 | |a INST |b LESVOS |e 20010307 |h 621.24094958 ΑΞΙ |p 005100029093 |q 005100029093 |t BK |y 0 | ||
| 852 | |a INST |b LESVOS |e 20010307 |h 621.24094958 ΑΞΙ |p 005100029094 |q 005100029094 |t BK |y 0 | ||
| 852 | |a INST |b LESVOS |e 20010307 |h 621.24094958 ΑΞΙ |p 005100029108 |q 005100029108 |t BK |y 0 | ||
| 901 | |a BIBL1-2001-1 | ||
| 909 | |a Λ |b 086916 | ||
| 909 | |a Λ |b 086923 | ||
| 909 | |a Λ |b 086924 | ||
| 970 | |a ΤΖΑΦΕΡΗ |b ΕΥΑΓΓΕΛΙΑ |z 2001/03/07 | ||